|
|
|
|
| LEADER |
00000nam a2200000 a 4500 |
| 001 |
vtls008390519 |
| 003 |
SK-MaSNL |
| 005 |
20260302004118.0 |
| 008 |
251124s1918 xo slo |
| 015 |
|
|
|a SKSNBA19011918-001584
|
| 035 |
|
|
|a SK01SNKBSKFE20010082736
|
| 035 |
|
|
|a SKM000085199
|
| 040 |
|
|
|a SNK
|b slo
|c SNK
|e AACR2
|
| 041 |
1 |
|
|a slo
|
| 044 |
|
|
|a xo
|
| 080 |
|
|
|a 245
|2 1981
|
| 245 |
1 |
0 |
|a Pieseň o Sviatosti Oltárnej a pieseň k Patronke Uhorskej
|
| 260 |
|
|
|a Skalica
|b Jozef Teslík
|c [pred 1918]
|e Skalica
|f Jozef Teslík
|
| 300 |
|
|
|a [4] s.
|c 8°
|
| 500 |
|
|
|a Obál. tit.
|
| 650 |
0 |
7 |
|a duchovné piesne
|2 SNK
|9 1928
|
| 655 |
|
7 |
|a knihy
|2 SNKPH
|9 307098
|
| 852 |
|
|
|a Slovenská národná knižnica v Martine
|b 10000
|h MS SD 3408/12
|
| 958 |
|
|
|a ONDV
|
| 958 |
|
|
|a RK
|
| 958 |
|
|
|a TL
|
| 999 |
|
|
|c 994656
|d 996586
|
| 952 |
|
|
|a SNK
|b SNK
|y VYP
|7 0
|p 17A0532449
|o snkSD 3408/12 D1
|i snkF 2280/71
|8 5
|3 rekatalogizácia
|0 0
|1 0
|4 0
|d 2007-01-03
|l 0
|r 2026-02-24 12:00:24
|w 2026-02-24
|
| 952 |
|
|
|a SNK
|b SNK
|y VYP
|7 0
|p 17A0532741
|o snkSD 3408/12 D2
|i snkF 2281/71
|8 5
|3 rekatalogizácia
|0 0
|1 0
|4 0
|d 2007-01-03
|l 0
|r 2026-02-24 12:00:24
|w 2026-02-24
|